00461nam a2200085Ia 4500008004100000245015100041260000900192300016000201650001400361180130s9999 xx 000 0 und d cHalkier, BenteaSustainable lifestyles in a new economy: a practice theoretical perspective on change behavior campaigns and sustainability issues c2013 aBook title: Innovations in sustainable consumption : new economics, socio-technical transitions and social practices--Acession number C17507; pages 209-228 aECONOMICS